000 01263cam a22003497a 4500
003 CHAP
005 20220817043528.0
008 990423d1995 sy b r 00110 eng d
010 _a77590
011 _a78562
035 _a88561
040 _cCHAP
090 _aFolleto 15039
100 0 0 _aTutwiler, Richard N.
_9115708
245 1 4 _aThe great chickpea challenge :
_bintroducing winter sowing in the mediterranean region
_c/by Richard N. Tutwiler
260 _aAleppo, Syria :
_bInternational Center for Agricultural Research in the Dry Areas,
_c1995.
300 _a30 p. :
_bmapas, ; cuadros
410 _aInternational Center for Agricultural Research in the Dry Areas
490 0 _aSocial science papers
_v; 4
590 _aBATCH-UPD
_b10
_c20130110
_lUCH01
_h0103
590 _aBATCH-UPD
_b10
_c20130110
_lUCH01
_h2303
590 _aCONVERSION
_b10
_c20130109
_lUCH01
_h1343
650 1 4 _aGarbanzo
_zAfrica.
_945638
650 1 4 _aGarbanzo
_zAsia.
_945639
650 1 4 _aGarbanzo
_zSiria.
_945641
810 _aInternational Center for Agricultural Research in the Dry Areas
830 0 0 _aSocial science papers
_v; 4
_9108037
901 _aBK
905 _aMayto Villalobos S.
942 _cFOLL
949 _aFolleto 15039
_bBC
_cFOLL
_d885611
_eTS1
_i88561
_sb
999 _c77590
_d77590